The pH Level Influence on Hydroxyapatite Phase Composition Synthesized with Hydrothermal Method; IOP Conference Series: Materials Science and Engineering; Vol. 731 : Advanced Materials for Engineering and Medicine (AMEM-2019)
| Parent link: | IOP Conference Series: Materials Science and Engineering Vol. 731 : Advanced Materials for Engineering and Medicine (AMEM-2019).— 2020.— [012023, 7 p.] |
|---|---|
| Συγγραφή απο Οργανισμό/Αρχή: | |
| Άλλοι συγγραφείς: | , , , , , , , |
| Περίληψη: | Title screen This paper reports the pH level influence on hydroxyapatite phase composition synthesized with hydrothermal method in Ca(OH)2-H3PO4, Ca(NO3)2-(NH4)2HPO4-NH[4]OH, Ca(OH)[2]-NH[4]H[2]PO[4].The obtained samples were studied with X-Ray diffraction, Fourier Transform Infrared (FTIR) and Raman spectroscopy. The one phase Ca[5]H[2]O[13]P[3] high crystallinity hydroxyapatite was synthesized with hydrothermal method at pH equal to 11. The crystallinity degree was calculated from the X-Ray diffraction pattern and became 0.96. The increasing pH level from 7 to 11 provides obtaining one phase hydroxyapatite at pH level 11 instead the two phase Ca[9.04](PO[4])6(OH)[1.68], CaHPO[4] at pH level 9 and CaPO[3](OH), Ca(OH)[2] at pH level 7. |
| Γλώσσα: | Αγγλικά |
| Έκδοση: |
2020
|
| Θέματα: | |
| Διαθέσιμο Online: | http://dx.doi.org/10.1088/1757-899X/731/1/012023 http://earchive.tpu.ru/handle/11683/58050 |
| Μορφή: | Ηλεκτρονική πηγή Κεφάλαιο βιβλίου |
| KOHA link: | https://koha.lib.tpu.ru/cgi-bin/koha/opac-detail.pl?biblionumber=661949 |
MARC
| LEADER | 00000naa2a2200000 4500 | ||
|---|---|---|---|
| 001 | 661949 | ||
| 005 | 20260202133303.0 | ||
| 035 | |a (RuTPU)RU\TPU\network\33041 | ||
| 035 | |a RU\TPU\network\33034 | ||
| 090 | |a 661949 | ||
| 100 | |a 20200324d2020 k||y0rusy50 ba | ||
| 101 | 0 | |a eng | |
| 102 | |a GB | ||
| 135 | |a vrcn ---uucaa | ||
| 181 | 0 | |a i | |
| 182 | 0 | |a b | |
| 200 | 1 | |a The pH Level Influence on Hydroxyapatite Phase Composition Synthesized with Hydrothermal Method |f K. Chuprunov, A. Yudin, D. Lysov [et al.] | |
| 203 | |a Text |c electronic | ||
| 300 | |a Title screen | ||
| 320 | |a [References: 26 tit.] | ||
| 330 | |a This paper reports the pH level influence on hydroxyapatite phase composition synthesized with hydrothermal method in Ca(OH)2-H3PO4, Ca(NO3)2-(NH4)2HPO4-NH[4]OH, Ca(OH)[2]-NH[4]H[2]PO[4].The obtained samples were studied with X-Ray diffraction, Fourier Transform Infrared (FTIR) and Raman spectroscopy. The one phase Ca[5]H[2]O[13]P[3] high crystallinity hydroxyapatite was synthesized with hydrothermal method at pH equal to 11. The crystallinity degree was calculated from the X-Ray diffraction pattern and became 0.96. The increasing pH level from 7 to 11 provides obtaining one phase hydroxyapatite at pH level 11 instead the two phase Ca[9.04](PO[4])6(OH)[1.68], CaHPO[4] at pH level 9 and CaPO[3](OH), Ca(OH)[2] at pH level 7. | ||
| 461 | 1 | |0 (RuTPU)RU\TPU\network\2008 |t IOP Conference Series: Materials Science and Engineering | |
| 463 | 1 | |0 (RuTPU)RU\TPU\network\33020 |t Vol. 731 : Advanced Materials for Engineering and Medicine (AMEM-2019) |o International science and technology conference for youth, 30 September-5 October 2019, Tomsk, Russian Federation |o [proceedings] |v [012023, 7 p.] |d 2020 | |
| 610 | 1 | |a электронный ресурс | |
| 610 | 1 | |a труды учёных ТПУ | |
| 610 | 1 | |a pH | |
| 610 | 1 | |a фазовый состав | |
| 610 | 1 | |a гидроксиапатиты | |
| 610 | 1 | |a гидротермальные методы | |
| 610 | 1 | |a рентгеновская дифракция | |
| 610 | 1 | |a Фурье-преобразования | |
| 610 | 1 | |a спектроскопия | |
| 610 | 1 | |a рамановская спектроскопия | |
| 701 | 1 | |a Chuprunov |b K. | |
| 701 | 1 | |a Yudin |b A. | |
| 701 | 1 | |a Lysov |b D. | |
| 701 | 1 | |a Kolesnikov |b E. | |
| 701 | 1 | |a Kuznetsov |b D. | |
| 701 | 1 | |a Leybo |b D. | |
| 701 | 1 | |a Ilinykh |b I. | |
| 701 | 1 | |a Godymchuk (Godimchuk) |b A. Yu. |c specialist in the field of nanotechnologies and nanomaterials |c Associate Professor of Tomsk Polytechnic University, candidate of technical science |f 1978- |g Anna Yuryevna |3 (RuTPU)RU\TPU\pers\29602 |9 14137 | |
| 712 | 0 | 2 | |a Национальный исследовательский Томский политехнический университет |b Инженерная школа новых производственных технологий |b Отделение материаловедения |3 (RuTPU)RU\TPU\col\23508 |
| 801 | 1 | |a RU |b 63413507 |c 20150101 |g RCR | |
| 801 | 2 | |a RU |b 63413507 |c 20200325 |g RCR | |
| 856 | 4 | |u http://dx.doi.org/10.1088/1757-899X/731/1/012023 | |
| 856 | 4 | |u http://earchive.tpu.ru/handle/11683/58050 | |
| 942 | |c CF | ||